Datum a čas kvízu
25
Celkem bodů
Celkový počet nahraných bodů na tomto kvízu bez doplňovacích otázek.
11.
Pořadí na kvízu
Konečné umístění týmu na tomto kvízu.
Zaznamenané odpovědi
| # | Otázka | Odpověď | Body | Výsledky |
|---|---|---|---|---|
| 1. | Ministr obrany Lubomír Metnar... | Vojenská policie | 0 | |
| 2. | Italské letovisko, které je ob... | Bibione | 1 | |
| 3. | Rakouská společnost Koch Media... | Warhorse (Studios) | 0 | |
| 4. | Jak se jmenuje slavný hollywoo... | Harrison Ford | 0 | |
| 5. | Jak se jmenuje historicky prvn... | Petra Vlhová | 0 | |
| 6. | Dlouhé názvy filmů byly v módě... | dobrodružství vojáka Ivana | 1 | |
| 5. | Doplňte dvě slova do názvu fil... | v Belgii | 0 | |
| 5. | V roce 1974 natočil režisér Cl... | Hořčice mi stoupá | 1 | |
| 5. | V roce 1981 natočil režisér Mi... | Matěji, proč | 1 | |
| 5. | Rodinná komedie, kde se objevi... | žádné holce neopustil | 0 |